00327nam a22001217a 450000500170000000800410001708200190005810000280007724500290010526000300013430000180016465000230018220260407110721.0260407b |||||||| |||| 00| 0 eng d a330.954bACO-G aGovernment of Pakistan  aEconomics Survey 1997-98 aPakistan bPakistanc1998 aXXiii, 250 p. aManagement Science